00360 a2200121 450000500170000002000180001708200140003510000210004924500380007026000450010830000580015370000270021120250611113722.0 a0-534-04209-0 a512.13WEB aWebber P. Robert aCollege Algebra And Trigonometry  a New yorkbCole Publishing Companyc1985 axiii, 607p ill, table,diagram bAppendix, Indexc25cm aBarth Craig, Morse Amy